000
00240nam a2200109Ia 4500
999
_c
6549
_d
6549
020
_a
9780442020583
100
_a
Daniel S.Janal
245
0
_a
Online Marketing handbook
260
_a
New Jersey
_b
Thomson
_c
1995
300
_a
370
942
_c
BK